Lý thuyết nhóm và ứng dụng vào vật lý học lượng tử

Spremljeno u:
Bibliografski detalji
Glavni autor: Nguyễn, Hoàng Phương
Format: Knjiga
Jezik:Undetermined
Izdano: Hà Nội KHKT 1972
Teme:
Oznake: Dodaj oznaku
Bez oznaka, Budi prvi tko označuje ovaj zapis!
Thư viện lưu trữ: Trung tâm Học liệu Trường Đại học Cần Thơ
LEADER 00539nam a2200169Ia 4500
001 CTU_1187
008 210402s9999 xx 000 0 und d
082 |a 512.22 
082 |b Ph561 
100 |a Nguyễn, Hoàng Phương 
245 0 |a Lý thuyết nhóm và ứng dụng vào vật lý học lượng tử 
245 0 |c Nguyễn Hoàng Phương 
260 |a Hà Nội 
260 |b KHKT 
260 |c 1972 
650 |a group theory,quantum groups 
980 |a Trung tâm Học liệu Trường Đại học Cần Thơ